[Event "Maastricht Limburg op-B 5th"]
[Site "Maastricht"]
[Date "2011.06.13"]
[Round "7"]
[White "Timmermans, Stefan"]
[Black "Roelofs, Iris"]
[Result "0-1"]
[WhiteElo "1845"]
[BlackElo "1762"]
[PlyCount "60"]
[EventDate "2011.06.10"]
[EventType "swiss"]
[EventRounds "7"]
[EventCountry "NED"]
[SourceTitle "EXT 2012"]
[Source "ChessBase"]
[SourceDate "2011.11.24"]
[SourceVersion "1"]
[SourceVersionDate "2011.11.24"]
[SourceQuality "1"]

1. d4 d5 2. c4 c6 3. Nc3 Nf6 4. Nf3 Bf5 5. cxd5 cxd5 6. Qb3 Bc8 7. Bf4 a6 8. e3 Nc6 9. Ne5 e6 10. Be2 Be7 11. 0-0 0-0 12. Rac1 Nd7 13. Nxc6 bxc6 14. Na4 e5 15. dxe5 Rb8 16. Qc2 Nb6 17. e6 Bd6 18. exf7+ Rxf7 19. Bxd6 Qxd6 20. Qc5 Qc7 21. Nxb6 Rxb6 22. Bf3 Be6 23. e4 Rxf3 24. gxf3 Bh3 25. Qxd5+ cxd5 26. Rxc7 Rg6+ 27. Kh1 Bxf1 28. h4 Bg2+ 29. Kh2 Bxf3 30. exd5 Bxd5 0-1